000 00763nam a2200217 i 4500
001 189834
003 ES-MaACL
005 20250902025141.0
008 191203s1978 sp |||| | spa d
100 1 _aPerrot-Desnoix, Philippe.
_9168977
245 1 0 _aVentas-marketing-publicidad /
_c[por] Philippe Perrot-Desnoix... ; traducido [del francés] por Higinio Guillamón Reyes.
250 _a3ª ed.
260 _aBilbao :
_bDeusto,
_c[1978]
300 _a284 p. :
_bil. ;
_c22 cm.
490 1 _aEnciclopedia de la Empresa Moderna ;
_v8
650 0 7 _aMarketing
_2embne
_914796
700 0 _aGuillamón Reyes, Higinio.
_9193426
830 0 0 _aEnciclopedia de la empresa moderna
_v8
_9193420
852 _aES-MaACL
_jP-1093-8
999 _c189834
_d189834